| 000 | 00395nem a22001457a 4500 | ||
|---|---|---|---|
| 005 | 20190812190007.0 | ||
| 008 | 190801b xxu||||| |||| 00| 0 spa d | ||
| 041 | _aspa | ||
| 082 | _aMapas | ||
| 245 | _aMapa físico político continente América del Sur | ||
| 650 |
_aAMÉRICA DEL SUR _98966 |
||
| 650 |
_aMAPA FÍSICO POLÍTICO _955218 |
||
| 650 |
_aMATERIAL DIDÁCTICO _912846 |
||
| 942 | _cMP | ||
| 999 |
_c12192 _d12192 |
||